000 00725nam a2200241 4500
003 OSt
005 20240709031007.0
006 a
008 240709b |||||||| |||| 00| 0 eng d
020 _a013124714
040 _aDWCL-Main lib.
_cOC
082 _2Fourth edition
_aCirc. 620.001 Og23s 2004
100 _aOgata, Katsuhiko
245 _aSystem dynamics /
250 _aFourth edition
260 _aN. J. :
_bPearson Education Inc.,
_cc2004.
300 _aix,
_b768 p. : ill. ;
_c23 cm.
504 _aIncludes bibliographical references and index.
650 _a1. Engineering-Mechanical models.
650 _a2. Dynamics.
650 _a3. System analysis.
942 _2ddc
_n0
_cBK-CIRC
_eFourth edition
_kCirc.
999 _c2135
_d2135